Statistics for Countries/States that end in land

Click here to take the quiz!

General Stats

  • This quiz has been taken 36 times
  • The average score is 8 of 11

Answer Stats

Answer% Correct
Ireland
94%
Iceland
88%
Finland
79%
Netherlands
73%
Thailand
73%
New Zealand
70%
Poland
70%
England
61%
Northern Ireland
58%
Scotland
55%
Switzerland
55%

Score Distribution

Percentile by Number Answered

Percent of People with Each Score

Your Score History

You have not taken this quiz